000 03066cam a22005894i 4500
003 PE-LiUPU
005 20250731172919.0
008 150617s1975 a r 000 0 spa d
035 _a(Sirsi) a19039
040 _aPE-LiUPU
_bspa
_cPE-LiUPU
_erda
049 _aPRUA
082 0 4 _a291.44
_bCh15
_221
100 1 _aChaij, Enrique,
_eautor.
245 1 0 _aDicha y armonía en el hogar /
_cEnrique Chaij.
264 1 _aBuenos Aires :
_bAsociación Casa Editora Sudamericana,
_c1975.
300 _a159 páginas ;
_c22 centímetros.
336 _atext
_2rdacontent
337 _aunmediated
_2rdamedia
338 _avolume
_2rdacarrier
490 1 _aColección una Luz en el Camino ;
_v1
505 0 _aFunción y belleza del hogar -- Armonía del matrimonio -- El amor conyugal -- El sosten y la cabeza del hogar -- La reina del hogar -- El hogar, escuela por excelencia -- Exclusivo para los hijos -- Cuando los hijos pienzan en casamiento -- La fortaleza del hogar -- Reflexiones útiles para la familia.
526 _aSEG42
526 _aSEG41
526 _aSEG40
526 _aSEG39
526 _aP94
526 _aP87
526 _aP86
526 _aP85
526 _aP77
526 _aP76
526 _aP35
650 0 4 _aFamilia cristiana.
910 _ajck
_bjvq
_cjck
_d20150616
942 _2ddc
_cBOOK
949 _a291.44 Ch15
_wDEWEY
_c1
_i52905
_lCCODEBUL1
_mBUL
_p30.00
_r0
_sY
_tBOOK
_u2015-04-22
_xTEOLOGIA
_PP35
_0COMPRA
_o.STAFF. Colección Teología
949 _a291.44 Ch15
_wDEWEY
_c2
_i14887
_lCCODEBUL1
_mBUL
_p30.00
_r0
_sY
_tBOOK
_u2015-04-22
_xTEOLOGIA
_PP35
_0COMPRA
_o.STAFF. Colección Teología
949 _a291.44 Ch15
_wDEWEY
_c3
_i17350
_lCCODEBUL1
_mBUL
_p30.00
_r0
_sY
_tBOOK
_u2015-04-22
_xTEOLOGIA
_PP35
_0COMPRA
_o.STAFF. Colección Teología
949 _a291.44 Ch15
_wDEWEY
_c4
_i25199
_lCCODEBUL1
_mBUL
_p30.00
_r0
_sY
_tBOOK
_u2015-04-22
_xTEOLOGIA
_PP35
_0COMPRA
_o.STAFF. Colección Teología
994 _aC0
_bPEPRU
596 _a1 4
999 _a291.44 CH15
_wDEWEY
_c18797
_i52905
_f2021-11-11
_g5
_lCCODEBUL1
_mBUL
_r0
_sY
_tBOOK
_u2015-4-22
_xTEOLOGIA
_PP35
_0COMPRA
_o.STAFF. Colección general
_d18797
999 _a291.44 CH15
_wDEWEY
_c2
_i14887
_d2018-5-2
_e2018-4-27
_f2019-12-11
_g4
_lCCODEBUL1
_mBUL
_n2
_p30.00
_r0
_sY
_tBOOK
_u2015-4-22
_xTEOLOGIA
_PP35
_0COMPRA
_o.STAFF. Colección Teología
999 _a291.44 CH15
_wDEWEY
_c4
_i25199
_f2019-12-11
_g4
_lREPAIR
_mBUL
_r0
_sY
_tBOOK
_u2015-4-22
_xTEOLOGIA
_PP35
_0COMPRA
_o.STAFF. Colección general
999 _a291.44 CH15
_wDEWEY
_c5
_i74958
_d2018-3-27
_e2018-3-26
_f2019-12-11
_g4
_lREPAIR
_mBUL
_n1
_r0
_sY
_tBOOK
_u2016-10-12
_xTEOLOGIA
_PP35
_0COMPRA
_o.STAFF. Colección Teología
999 _a291.44 CH15
_wDEWEY
_c1
_i17350
_f2019-12-11
_g4
_lCCODECWL1
_mBWL
_r1
_sY
_tBOOK
_u2015-4-22
_xTEOLOGIA
_PP35
_0COMPRA
_o.STAFF. Colección general
980 _81
_gALBERTO SANCHEZ Responsable de Automatización